Famous African-Americans by Picture - Statistics

General Stats
  • This quiz has been taken 549 times
  • The average score is 10 of 13
Answer Stats
Picture Answer % Correct
Snoop Dogg
94%
Michelle Obama
93%
Will Smith
92%
Serena Williams
90%
Michael B. Jordan
88%
Michael Jordan
88%
Samuel L. Jackson
85%
Whitney Houston
81%
Ice Cube
75%
Whoopi Goldberg
75%
Halle Berry
72%
Queen Latifah
61%
Sammy Davis Jr.
38%
No matching quizzes found
Score Distribution
Percent of People with Each Score
Percentile by Number Answered
Your Score History
You have not taken this quiz